| 000 | 00410nam a22001697a 4500 | ||
|---|---|---|---|
| 003 | CEME | ||
| 005 | 20210628203654.0 | ||
| 008 | 210317b xxu||||| |||| 00| 0 eng d | ||
| 020 | _a9024785807 | ||
| 040 | _c. | ||
| 082 | _a620.1126 CHE | ||
| 100 |
_aLatanision,R.M, Jones,R.H _966788 |
||
| 245 | _aChemistry and physics at fracture | ||
| 260 |
_aNEWYORK _bNATO _c1986 |
||
| 300 | _a723P | ||
| 942 |
_cBK _2ddc |
||
| 999 |
_c574689 _d574689 |
||